| 000 | 00521nam a22001811 4500 | ||
|---|---|---|---|
| 001 | sa 68013648 | ||
| 003 | DLC | ||
| 005 | 20260227112623.0 | ||
| 008 | 790608s1965 io 00000 ind | ||
| 010 | _asa 68013648 //r79 | ||
| 025 | _aPL480:Indo-3456 | ||
| 050 | 0 |
_aQ180.A1 _bS92 |
|
| 100 | 1 | 0 | _aSurakhmad, Winarno. |
| 245 | 1 | 0 |
_aPengantar penjelidikan ilmiah; _bdasar dan metode. |
| 260 | 0 |
_aBandung, _bBadan Penerbitan Institut Keguruan dan Ilmu Pendidikan, _c1965. |
|
| 300 |
_a203 p. _c28 cm. |
||
| 650 | 0 | _aResearch. | |
| 999 |
_c85238 _d85238 |
||